000 00732nam a2200253Ia 4500
003 OSt
005 20220925230648.0
006 a|||||r|||| 00| 0
007 ta
008 220923b |||||||| |||| 00| 0 eng d
020 _a1842776207
037 _cGeneral Book
040 _aRTL
_cRTL
_beng
041 _2eng
_aeng
082 _aY47.6, P6
100 _aMKANDAWIRE Thandika Ed.
_9294113
245 0 _aAfrican intellectuals
_b Rethinking politics, language, gender and development
260 _aLondon
_bZed Books
_c2005
300 _a248p
_ccm.
500 _aBibliography chapterwise
650 _aSociology
942 _hY47.6, P6
_cGB
_2CC
999 _c586308
_d586308